| 000 -LEADER |
| fixed length control field |
01332nam a22001937a 4500 |
| 020 ## - INTERNATIONAL STANDARD BOOK NUMBER |
| ISBN |
9781260575446 |
| 082 ## - DEWEY DECIMAL CLASSIFICATION NUMBER |
| Classification number |
155.2 |
| Item number |
F2999 2021 |
| 100 ## - MAIN ENTRY--AUTHOR NAME |
| Personal name |
Feist, Gregory J., 2021- author. |
| 245 ## - TITLE STATEMENT |
| Title |
Theories of personality / Gregory J. Feist, PhD, Tomi-Ann Roberts, PhD, Jess Feist. |
| 250 ## - EDITION STATEMENT |
| Edition statement |
Tenth edition. |
| 260 ## - PUBLICATION, DISTRIBUTION, ETC. (IMPRINT) |
| Place of publication |
New York, NY : |
| Name of publisher |
McGraw-Hill Education, |
| Year of publication |
©2021. |
| 300 ## - PHYSICAL DESCRIPTION |
| Number of Pages |
1 online resource, xx, 639 pages : |
| Other physical details |
illustrations. |
| 500 ## - GENERAL NOTE |
| General note |
Includes bibliographical references and index. |
| 520 ## - SUMMARY, ETC. |
| Summary, etc |
"What makes people behave as they do? Are people ordinarily aware of what they are doing, or are their behaviors the result of hidden, unconscious motives? Are some people naturally good and others basically evil? Or do all people have potential to be either good or evil? Is human conduct largely a product of nature, or is it shaped mostly by environmental influences? Can people freely choose to mold their personality, or are their lives determined by forces beyond their control? Are people best described by their similarities, or is uniqueness the dominant characteristic of humans? What causes some people to develop disordered personalities whereas others seem to grow toward psychological health?" |
| 650 ## - SUBJECT ADDED ENTRY--TOPICAL TERM |
| Topical Term |
Psychology |
| 700 ## - ADDED ENTRY--PERSONAL NAME |
| Personal name |
Roberts, Tomi-Ann. |
| 700 ## - ADDED ENTRY--PERSONAL NAME |
| Personal name |
Feist, Jess. |
| 942 ## - ADDED ENTRY ELEMENTS (KOHA) |
| Koha item type |
Electronic Books |